000 00649nam a2200181 a 4500
008 070820s1994 ||||||||||||||||| || u
020 _a0821330500
050 _aIBRD(02)
110 _aWorld Bank
245 1 0 _aMIGA: the first five years and future challenges
260 _aWashington, D.C.
_bWorld Bank
_c1994
300 _avi, 18p.
350 _a0.00
490 _aDirections in development
650 _aINVESTMENT BANKING
710 _aMultilateral Investment Gurantee Agency
995 _D0.00
_FCBU-MAIN LIBRARY (Kitwe)
_H1
_I0.00
_M1
_UAVAILABLE
_WAug 20, 2007
_ZInternational Publications
999 _c51200
_d51200